000 00582cam a22002291 4500
001 ne 63001282
003 DLC
005 20260227111747.0
008 890608s1961 xx ab 000 0 ara
010 _ane 63001282
035 _a(OCoLC)23515381
040 _aDLC
_cMiU
_dDLC
042 _apremarc
043 _af-ua---
050 0 0 _aS471.E3
_bM3
245 0 0 _aMashrūʻāt al-thawrah al-zirāʻiyah.
260 _c[1961? 1971?]
300 _a139 p.
_billus., maps.
_c22 cm.
500 _aRomanized.
650 0 _aAgriculture
_zEgypt.
700 1 _aGhālī, ʻAbd al-Qādir.
999 _c46025
_d46025